Normal view
MARC view
- tsungchang,kang
Entry Personal Name
001 - CONTROL NUMBER
- control field: 129230
003 - CONTROL NUMBER IDENTIFIER
- control field: NUST
005 - DATE AND TIME OF LATEST TRANSACTION
- control field: 20250626131343.0
008 - FIXED-LENGTH DATA ELEMENTS
- fixed length control field: 250626|| aca||aabn | a|a d
040 ## - CATALOGING SOURCE
- Original cataloging agency: NUST
- Transcribing agency: NUST
100 ## - HEADING--PERSONAL NAME
- Personal name: tsungchang,kang
670 ## - SOURCE DATA FOUND
- Source citation: Work cat.: (NUST): tsungchang,kang., introduction to geographic information systems, 2008
